02062cam a22002535a 4500999001700000001000900017005001700026008004100043010001700084020004400101040002800145082002400173100002900197245010900226260006900335300003400404504004100438520109200479650005101571651001001622653002201632942000801654952014601662 c27408d273792036333720190421125024.0180220s2018 flua frb 000 0 eng d a 2018005481 a9781138570191 (pbk. : acid-free paper) aDLCbengcDLCdEG-ScBUE04a621.312136bROS2221 aRosato, Mario Alejandro.10aSmall wind turbines for electricity and irrigation :bdesign and construction /cMario Alejandro Rosato. aBoca Raton, Fla. :bCRC press / Taylor & Francis Group,cc.2019. axxi, 327 p. :bill. ;c24 cm. aIncludes bibliographical references. aThis practical book deals with the technology of small-power wind turbines as opposed to widely diffused industrial wind turbines and wind farms. It covers the most common wind turbine technologies in the small power segment: horizontal axis both for electrical generation and water pumping, vertical axis of the Darrieus type, and vertical axis of the Savonius type. With each chapter following the same didactic scheme―a theoretical explanation and practical examples showing calculation procedures―it allows anybody with basic technical knowledge to design and build a small wind turbine for any site. A set of simple spreadsheets is available for download, each providing further examples of how to solve specific design problems and allowing the reader to play with changing parameters and see what-if. This simple trial-and-error learning process allows beginners to develop the feeling of the orders of magnitude involved in the design of a small wind power system, its potential advantages on other alternative solutions, and its limitations under some special circumstances. 7aWind turbinesxDesign and construction.2BUEsh 2BUEsh bENGMECcApril2019 2ddc 00102ddc40708AlahramaMAINbMAINc1STd2019-04-21ePurchaseg1590.00h524l0o621.312136 ROSp000044618r2025-07-15 00:00:00v1987.50yBB